[Event "Davos Ski op"]
[Site "Davos"]
[Date "2023.12.17"]
[Round "4"]
[White "Mestrovic, Marko"]
[Black "Burak, Rachel"]
[Result "0-1"]
[WhiteElo "1333"]
[BlackElo "1541"]
[PlyCount "84"]
[EventDate "2023.12.15"]
[EventType "swiss"]
[EventRounds "5"]
[EventCountry "SUI"]
[SourceTitle "CBM 217 Extra"]
[Source "ChessBase"]
[SourceDate "2024.01.31"]
[SourceVersion "1"]
[SourceVersionDate "2024.01.31"]
[SourceQuality "1"]

1. d4 Nf6 2. Bf4 g6 3. Nc3 Bg7 4. e4 d6 5. Qd2 0-0 6. 0-0-0 Nc6 7. f3 a6 8. Bh6 e5 9. d5 Ne7 10. h4 Bxh6 11. Qxh6 Kh8 12. g4 Neg8 13. Qd2 h5 14. gxh5 Nxh5 15. Nce2 f5 16. f4 fxe4 17. fxe5 dxe5 18. Nc3 Ng3 19. h5 Nxh1 20. hxg6 Rf2 21. Qe3 Qh4 22. Nge2 Qh6 23. Qxh6+ Nxh6 24. Nxe4 Rh2 25. d6 cxd6 26. Rxd6 Bf5 27. Ng5 Rf2 28. Rd1 Bxg6 29. Nh3 Rh2 30. Rd6 Rf8 31. Ng5 Rxf1+ 32. Kd2 Ng3 33. Rxg6 Rxe2+ 34. Kc3 Rff2 35. Rxh6+ Kg7 36. Rh3 Rxc2+ 37. Kb4 Rxb2+ 38. Kc5 Rfc2+ 39. Kd5 Rb5+ 40. Ke6 Rc6+ 41. Kd7 Rd5+ 42. Ke8 Nf5 0-1